01321cam a22002058i 450000500170000002000180001708200430003510000300007824500850010826000500019330000190024350400510026250503560031352003460066965000320101570000180104770000160106570000170108170000170109820260623142924.0 a978100939381200aR 327.510 182 3 BRA/R223/eng/202306021 aWomack, Brantly,eauthor.10aRecentering Pacific Asia :bregional China and world order /cby Brantly Womack, a. - U Kb: Cambridge University Pressc, 2023 axvii+255 pages aIncludes bibliographical references and index.0 aContinuities in China's Pacific Asian centrality -- Thin connectivity : traditional Chinese centrality -- Sharp connectivity : Western modernization and de-centered Pacific Asia -- Thick connectivity : the re-centering of Pacific Asia -- China, Pacific Asia, and reconfiguring a multinodal world -- Global power rivalry, Pacific Asia, and world order. a"Brantly Womack argues that China's regional context is the key to both its economic success and its major political challenges. Pacific Asia is now the world's largest and most cohesive economic region, and China has returned to its center. China's regional experience and challenges will therefore shape its global outlook and prospects"-- 0aInternational organization.1 aWang, Gungwu,1 aWu, Yushan,1 aQin, Yaqing,1 aGoh, Evelyn,